| 000 | 00495nam a2200193Ia 4500 | ||
|---|---|---|---|
| 005 | 20260122095432.0 | ||
| 008 | 260121s9999||||xx |||||||||||||| ||und|| | ||
| 020 | _a9788192173870 | ||
| 082 |
_a658.80963 _bSHA |
||
| 100 | _aSharma, Premjit | ||
| 245 | 0 | _aMarketing promotion policies in agriculture / | |
| 260 |
_aNew Delhi : _bBio-Green, _c2011. |
||
| 300 | _avi, 304 p.; pbk | ||
| 650 | _aAgriculture | ||
| 650 | _aMarketing | ||
| 650 | _aPolicies | ||
| 650 | _aPromotion | ||
| 942 | _cTB | ||
| 999 |
_c47693 _d47693 |
||